Paul Cézanne : the Basel sketchbooks /

Bibliographic Details
Main Author: Cézanne, Paul, 1839-1906
Corporate Author: Museum of Modern Art (New York, N.Y.)
Other Authors: Gowing, Lawrence
Format: Book
Language:English
Published: New York : The Museum of Modern Art ; [1988]
Subjects:

MARC

Tag First Indicator Second Indicator Subfields
LEADER 00000cam a2200000 a 4500
001 in00000017702
005 20151007053501.0
008 880404s1988 nyuac bc 00010 eng d
010 |a  87063133  
020 |a 0870702351 (Clothbound) 
020 |a 087070236X (Paper bound) 
035 |a (OCoLC)17726525 
035 |9 AAB1816AM 
040 |a DLM  |c DLM  |d NGU  |d TXA  |d UtOrBLW 
049 |a TXAM  |c [A11048474] 
050 4 |a NC248.C37  |b A4 1988 
100 1 |a Cézanne, Paul,  |d 1839-1906. 
245 1 0 |a Paul Cézanne :  |b the Basel sketchbooks /  |c Lawrence Gowing. 
264 1 |a New York :  |b The Museum of Modern Art ;  |c [1988] 
264 2 |a Boston :  |b Distributed by New York Graphic Society Books / Little, Brown & Co., 
264 4 |c ©1988 
300 |a 151 pages :  |b illustrations, portraits ;  |c 27 cm. 
336 |a text  |b txt  |2 rdacontent 
337 |a unmediated  |b n  |2 rdamedia 
338 |a volume  |b nc  |2 rdacarrier 
500 |a "Published on the occasion of the exhibition "Paul Cézanne : The Basel sketchbooks," March 10 - June 5, 1988, directed by Bernice Rose ..., The Museum of Modern Art"--Title page verso. 
504 |a Bibliography: pages 150-151. 
600 1 0 |a Cézanne, Paul,  |d 1839-1906  |x Exhibitions. 
700 1 |a Gowing, Lawrence. 
710 2 |a Museum of Modern Art (New York, N.Y.) 
740 4 |a The Basel sketchbooks. 
999 |a MARS 
999 f f |s 50d50582-9d79-33ca-9ef0-80f7990e5927  |i b8fbd310-eec3-31ad-a92e-e2a443211e73  |t 0 
952 f f |p normal  |a Texas A&M University  |b College Station  |c Sterling C. Evans Library  |d Evans: Library Stacks  |t 0  |e NC248.C37 A4 1988  |h Library of Congress classification  |i unmediated -- volume  |m A14811048474 
998 f f |a NC248.C37 A4 1988  |t 0  |l Evans: Library Stacks